01443nam a2200337 a 4500001001200000003000800012006001900020007001500039008004100054010001700095020001500112020001800127020002700145040002100172035002100193043001200214050002500226082002600251100002900277245012900306260013800435300001100573504005100584533015200635650004900787650008000836655002900916710001700945856012600962999001701088ebr10627281CaPaEBRm u cr cn|||||||||111103s2011 enk sb 001 0 eng d z 2011284689 z0719084776 z9780719084775 z9781847794185 (e-book) aCaPaEBRcCaPaEBR a(OCoLC)808600304 ae-uk-en14aUB345.G7bM34 2011eb04a343.01220941090412231 aMcDermott, James,d1956-10aBritish military service tribunals, 1916-1918h[electronic resource] :b'a very much abused body of men' /cJames McDermott. aManchester ;aNew York :bManchester University Press ;aNew York :bdistributed exclusively in the USA by Palgrave Macmillan,c2011. a254 p. aIncludes bibliographical references and index. aElectronic reproduction.bPalo Alto, Calif. :cebrary,d2011.nAvailable via World Wide Web.nAccess may be limited to ebrary affiliated libraries. 0aDraftzGreat BritainxHistoryy20th century. 0aCourts-martial and courts of inquiryzGreat BritainxHistoryy20th century. 7aElectronic books.2local2 aebrary, Inc.40uhttp://site.ebrary.com/lib/rucke/Doc?id=10627281zAn electronic book accessible through the World Wide Web; click to view c66758d66758